000 01621camaa2200289 a 4500
001 78556
003 BD-RjUL
005 20220111154519.0
008 211004s19641357iq b 000 0 arao
035 _a(BD-RjUL)78782
040 _aDLC
_cN15
_beng
041 0 _aara
_alat
082 _223
_a929.40927
_bIBJ 1964
100 0 _a ابن الأثير، عز الدين ;; Ibn al-Atheer, Izz al-Din. .
_d1445-1505.
_9248873
245 1 0 _a اللباب في تهذيب الانساب ;; allibab fi tahdhib aliansab /
_cIzz Al-Din Abi Al-Hassan Ali bin Muhammad bin Muhammad bin Al-Atheer ;; عز الدين ابي الحسن علي بن محمد بن محمد ابن الاثير
246 1 5 _iTitle on added t.p.:
_aSpecimen e litteris orientalibus, exhibens majorem partem libri as-Sojutii de nominibus relativis, inscripti Lubb al-lubāb.
260 _a ‏ al-Qāhirah : Maktabat al-Quds,
_bMaktabat al-Qudthi ;; مكتبة القدسي‏,
_c1356-1369 [1937-1950]
300 _a2 vols.
_c29 cm.
500 _aPart 1 of the original ed. was presented by the editor. P. J. Veth, as his thesis, Leyden (H.E. Weijers, praeses) .
500 _aReprint of the edition published in Leiden, 1840-1842.
500 _aAn abridgment of Ibn al-Athīr's al-Lubāb, itself an abridgment of al-Samʿānī's Kitāb al-ansāb.
504 _aIncludes bibliographical references.
505 _aVol.1.--v.2.--
650 0 _aNames, Personal
_xArabic.
_9248874
942 _2ddc
_cBK
999 _c78556
_d78556